THE ART OF DRAWING FLOWERS FRUIT & VEGETABLES SIMPLE APPROACHES TO DRAWING NATURAL FORMS (Record no. 920152)

MARC details
000 -LEADER
fixed length control field 00343nam a2200121Ia 4500
008 - FIXED-LENGTH DATA ELEMENTS--GENERAL INFORMATION
fixed length control field 231106s2020 xx 000 0 und d
041 ## - LANGUAGE CODE
Language code of text/sound track or separate title eng
082 ## - DEWEY DECIMAL CLASSIFICATION NUMBER
Classification number 751.42
100 ## - MAIN ENTRY--PERSONAL NAME
Personal name JEAN HAINES
245 ## - TITLE STATEMENT
Title THE ART OF DRAWING FLOWERS FRUIT & VEGETABLES SIMPLE APPROACHES TO DRAWING NATURAL FORMS
260 ## - PUBLICATION, DISTRIBUTION, ETC.
Name of publisher, distributor, etc. SEARCH PRESS
Date of publication, distribution, etc. 2020
300 ## - PHYSICAL DESCRIPTION
Extent H-176

No items available.